[Event "DEM U14 2025"]
[Site "Willingen GER"]
[Date "2025.06.13"]
[Round "8"]
[White "Polzin, Gustav"]
[Black "Rodriguez Klasen, Ennio"]
[Result "1-0"]
[Termination "normal"]
[Board "9"]
[WhiteElo "2075"]
[BlackElo "2021"]
[WhiteClock "01:28:53"]
[BlackClock "00:13:09"]
[PlyCount "97"]
[WhiteFideId "34603280"]
[BlackFideId "16277414"]
[EventCountry "GER"]
[EventRounds "9"]
[EventType "swiss"]
[EventDate "2025.06.07"]

1. c4 {[%clk 01:30:59]} e5 {[%clk 01:30:12]} {[%emt 00:00:49]} 2. Nc3 {[%clk
01:31:21]} {[%emt 00:00:08]} Nf6 {[%clk 01:30:23]} {[%emt 00:00:19]} 3. e3
{[%clk 01:30:50]} {[%emt 00:01:01]} d5 {[%clk 01:21:20]} {[%emt 00:09:34]} 4.
cxd5 {[%clk 01:31:08]} {[%emt 00:00:11]} Nxd5 {[%clk 01:21:37]} {[%emt
00:00:12]} 5. Nf3 {[%clk 01:31:33]} {[%emt 00:00:06]} Nc6 {[%clk 01:19:48]}
{[%emt 00:02:19]} 6. Bb5 {[%clk 01:31:41]} {[%emt 00:00:22]} Nxc3 {[%clk
01:15:29]} {[%emt 00:04:48]} 7. bxc3 {[%clk 01:31:53]} {[%emt 00:00:18]} Bd6
{[%clk 01:14:04]} {[%emt 00:01:56]} 8. d4 {[%clk 01:31:58]} {[%emt 00:00:25]}
exd4 {[%clk 01:12:36]} {[%emt 00:01:57]} 9. cxd4 {[%clk 01:32:01]} {[%emt
00:00:27]} O-O {[%clk 01:09:24]} {[%emt 00:03:43]} 10. h3 {[%clk 01:30:55]}
{[%emt 00:01:36]} Bd7 {[%clk 00:41:45]} {[%emt 00:28:10]} 11. O-O {[%clk
01:29:12]} {[%emt 00:02:12]} Qe7 {[%clk 00:32:00]} {[%emt 00:10:14]} 12. Re1
{[%clk 01:25:49]} {[%emt 00:03:53]} Rad8 {[%clk 00:24:06]} {[%emt 00:08:24]}
13. Bd2 {[%clk 01:23:45]} {[%emt 00:02:35]} Nb4 {[%clk 00:11:01]} {[%emt
00:13:34]} 14. Bxd7 {[%clk 01:21:37]} {[%emt 00:02:38]} Qxd7 {[%clk 00:10:31]}
{[%emt 00:01:01]} 15. Qb3 {[%clk 01:19:27]} {[%emt 00:02:40]} a5 {[%clk
00:09:05]} {[%emt 00:01:56]} 16. a3 {[%clk 01:19:00]} {[%emt 00:00:56]} a4
{[%clk 00:07:17]} {[%emt 00:02:19]} 17. Qb1 {[%clk 01:18:40]} {[%emt 00:00:49]}
Nc6 {[%clk 00:07:00]} {[%emt 00:00:47]} 18. Qxb7 {[%clk 01:18:43]} {[%emt
00:00:28]} Rb8 {[%clk 00:04:42]} {[%emt 00:02:48]} 19. Qa6 {[%clk 01:19:01]}
{[%emt 00:00:12]} Ra8 {[%clk 00:05:00]} {[%emt 00:00:12]} 20. Qc4 {[%clk
01:18:08]} {[%emt 00:01:22]} Rfb8 {[%clk 00:03:47]} {[%emt 00:01:44]} 21. Bc3
{[%clk 01:09:25]} {[%emt 00:09:12]} Na5 {[%clk 00:01:07]} {[%emt 00:03:11]} 22.
Bxa5 {[%clk 01:08:45]} {[%emt 00:01:09]} Rxa5 {[%emt 00:02:14]} 23. Reb1 {[%clk
01:07:02]} Rab5 {[%clk 00:00:40]} {[%emt 00:01:27]} 24. Nd2 {[%clk 01:05:54]}
{[%emt 00:01:38]} Rxb1+ {[%clk 00:00:44]} {[%emt 00:00:26]} 25. Rxb1 {[%clk
01:06:22]} {[%emt 00:00:01]} Rxb1+ {[%clk 00:00:58]} {[%emt 00:00:17]} 26. Nxb1
{[%clk 01:06:51]} {[%emt 00:00:01]} g6 {[%clk 00:00:37]} {[%emt 00:00:50]} 27.
Nc3 {[%clk 01:06:36]} {[%emt 00:00:45]} Bxa3 {[%clk 00:00:32]} {[%emt
00:00:35]} 28. Qxa4 {[%clk 01:06:50]} {[%emt 00:00:16]} Qe7 {[%clk 00:00:35]}
{[%emt 00:00:28]} 29. Nd5 {[%clk 01:06:57]} {[%emt 00:00:22]} Qd6 {[%clk
00:00:48]} {[%emt 00:00:17]} 30. Nxc7 {[%clk 01:07:15]} {[%emt 00:00:12]} Qxc7
{[%clk 00:00:58]} {[%emt 00:00:21]} 31. Qxa3 {[%clk 01:07:44]} {[%emt
00:00:02]} Qc2 {[%clk 00:00:55]} {[%emt 00:00:32]} 32. Qd6 {[%clk 01:07:32]}
{[%emt 00:00:41]} Qd1+ {[%clk 00:00:47]} {[%emt 00:00:39]} 33. Kh2 {[%clk
01:07:57]} {[%emt 00:00:05]} Qd2 {[%clk 00:01:03]} {[%emt 00:00:14]} 34. Qf6
{[%clk 01:08:17]} {[%emt 00:00:10]} h5 {[%clk 00:00:49]} {[%emt 00:00:43]} 35.
h4 {[%clk 01:08:35]} {[%emt 00:00:12]} Qa2 {[%clk 00:00:37]} {[%emt 00:00:42]}
36. Qf3 {[%clk 01:08:38]} {[%emt 00:00:27]} Qc4 {[%clk 00:00:38]} {[%emt
00:00:30]} 37. g3 {[%clk 01:08:59]} {[%emt 00:00:08]} Qa2 {[%clk 00:00:32]}
{[%emt 00:00:36]} 38. Kg2 {[%clk 01:09:24]} {[%emt 00:00:05]} Kg7 {[%clk
00:00:53]} {[%emt 00:00:09]} 39. d5 {[%clk 01:09:27]} {[%emt 00:00:27]} Qd2
{[%clk 00:00:32]} {[%emt 00:00:51]} 40. e4 {[%clk 01:09:22]} {[%emt 00:00:36]}
Qd4 {[%clk 00:00:32]} {[%emt 00:00:30]} 41. Qf4 {[%clk 01:09:06]} {[%emt
00:00:45]} f5 {[%clk 00:25:19]} {[%emt 00:05:44]} 42. Qc7+ {[%clk 01:29:44]}
{[%emt 00:09:51]} Kh6 {[%clk 00:24:14]} {[%emt 00:01:34]} 43. Qe7 {[%clk
01:29:24]} {[%emt 00:00:50]} fxe4 {[%clk 00:22:05]} {[%emt 00:02:40]} 44. d6
{[%clk 01:29:43]} {[%emt 00:00:12]} Qd1 {[%clk 00:16:27]} {[%emt 00:06:07]} 45.
Qf6 {[%clk 01:27:56]} {[%emt 00:02:15]} Kh7 {[%clk 00:16:08]} {[%emt 00:00:52]}
46. Qf7+ {[%clk 01:28:18]} {[%emt 00:00:08]} Kh6 {[%clk 00:13:14]} {[%emt
00:03:23]} 47. d7 {[%clk 01:28:44]} {[%emt 00:00:04]} e3 {[%clk 00:12:40]}
{[%emt 00:01:04]} 48. Qf8+ {[%clk 01:28:53]} {[%emt 00:00:21]} Kh7 {[%clk
00:13:09]} {[%emt 00:00:01]} 49. d8=Q {[%emt 00:01:00]} 1-0

[Event "DEM U14 2025"]
[Site "Willingen GER"]
[Date "2025.06.13"]
[Round "8"]
[White "Schröder, Hannes Artur"]
[Black "Sepe, Giovanni Paolo"]
[Result "0-1"]
[Termination "normal"]
[Board "10"]
[WhiteElo "1705"]
[BlackElo "2101"]
[WhiteClock "00:21:06"]
[BlackClock "00:29:50"]
[PlyCount "92"]
[WhiteFideId "34608818"]
[BlackFideId "34631909"]
[EventCountry "GER"]
[EventRounds "9"]
[EventType "swiss"]
[EventDate "2025.06.07"]

1. c4 {[%clk 01:30:53]} {[%emt 00:00:06]} e5 {[%clk 01:30:57]} {[%emt
00:00:04]} 2. g3 {[%clk 01:30:57]} {[%emt 00:00:26]} Nf6 {[%clk 01:31:22]}
{[%emt 00:00:05]} 3. Bg2 {[%clk 01:31:15]} {[%emt 00:00:11]} c6 {[%clk
01:31:47]} {[%emt 00:00:06]} 4. Nc3 {[%clk 01:27:33]} {[%emt 00:04:12]} d5
{[%clk 01:32:11]} {[%emt 00:00:06]} 5. cxd5 {[%clk 01:26:03]} {[%emt 00:02:00]}
cxd5 {[%clk 01:32:36]} {[%emt 00:00:05]} 6. d4 {[%clk 01:25:21]} {[%emt
00:01:12]} exd4 {[%clk 01:31:31]} {[%emt 00:01:35]} 7. Qxd4 {[%clk 01:25:39]}
{[%emt 00:00:12]} Nc6 {[%clk 01:31:51]} {[%emt 00:00:10]} 8. Qd1 {[%clk
01:25:21]} {[%emt 00:00:48]} d4 {[%clk 01:29:43]} {[%emt 00:02:39]} 9. Ne4
{[%clk 01:21:27]} {[%emt 00:04:23]} Bf5 {[%clk 01:21:50]} {[%emt 00:08:23]} 10.
Nxf6+ {[%clk 01:11:08]} {[%emt 00:10:49]} Qxf6 {[%clk 01:22:11]} {[%emt
00:00:09]} 11. a3 {[%clk 01:10:30]} {[%emt 00:01:09]} Bc5 {[%clk 01:21:28]}
{[%emt 00:01:13]} 12. Nf3 {[%clk 01:09:52]} {[%emt 00:01:07]} O-O {[%clk
01:19:56]} {[%emt 00:02:01]} 13. O-O {[%clk 01:09:19]} {[%emt 00:01:03]} h6
{[%clk 01:13:55]} {[%emt 00:06:32]} 14. b4 {[%clk 01:06:25]} {[%emt 00:03:24]}
d3 {[%clk 01:11:34]} {[%emt 00:02:52]} 15. Ra2 {[%clk 00:54:02]} {[%emt
00:12:53]} Bb6 {[%clk 00:44:58]} {[%emt 00:27:06]} 16. exd3 {[%clk 00:52:13]}
{[%emt 00:02:18]} Rad8 {[%clk 00:44:48]} {[%emt 00:00:40]} 17. Rd2 {[%clk
00:46:22]} {[%emt 00:06:21]} Bg4 {[%clk 00:39:24]} {[%emt 00:05:54]} 18. h3
{[%clk 00:39:42]} {[%emt 00:07:10]} Bh5 {[%clk 00:39:40]} {[%emt 00:00:14]} 19.
g4 {[%clk 00:38:55]} {[%emt 00:01:17]} Bg6 {[%clk 00:40:06]} {[%emt 00:00:04]}
20. Bb2 {[%clk 00:39:04]} {[%emt 00:00:20]} Nd4 {[%clk 00:39:38]} {[%emt
00:00:59]} 21. Nxd4 {[%clk 00:33:04]} {[%emt 00:06:30]} Bxd4 {[%clk 00:39:27]}
{[%emt 00:00:40]} 22. Bxd4 {[%clk 00:32:57]} {[%emt 00:00:37]} Rxd4 {[%clk
00:38:26]} {[%emt 00:01:32]} 23. Bxb7 {[%clk 00:32:41]} {[%emt 00:00:45]} h5
{[%clk 00:37:09]} {[%emt 00:01:47]} 24. Bg2 {[%clk 00:19:31]} {[%emt 00:13:40]}
hxg4 {[%clk 00:34:40]} {[%emt 00:03:00]} 25. hxg4 {[%clk 00:17:36]} {[%emt
00:02:24]} Qg5 {[%clk 00:34:50]} {[%emt 00:00:21]} 26. f3 {[%clk 00:12:24]}
{[%emt 00:05:42]} Rfd8 {[%clk 00:33:41]} {[%emt 00:01:39]} 27. Re1 {[%clk
00:07:19]} {[%emt 00:05:34]} Qf6 {[%clk 00:28:52]} {[%emt 00:05:19]} 28. Re3
{[%clk 00:05:44]} {[%emt 00:02:05]} Qa6 {[%clk 00:29:02]} {[%emt 00:00:21]} 29.
Qc1 {[%clk 00:04:27]} {[%emt 00:01:46]} Rc8 {[%clk 00:18:35]} {[%emt 00:10:57]}
30. Qb2 {[%clk 00:04:21]} {[%emt 00:00:37]} Qb6 {[%clk 00:18:42]} {[%emt
00:00:23]} 31. Kh1 {[%clk 00:03:51]} {[%emt 00:00:59]} Rxg4 {[%clk 00:14:41]}
{[%emt 00:04:31]} 32. fxg4 {[%clk 00:03:08]} {[%emt 00:01:14]} Qxe3 {[%clk
00:15:06]} {[%emt 00:00:04]} 33. Rc2 {[%clk 00:02:24]} {[%emt 00:01:14]} Re8
{[%clk 00:14:35]} {[%emt 00:01:02]} 34. Qc3 {[%clk 00:02:24]} {[%emt 00:00:29]}
Qg3 {[%emt 00:01:45]} 35. Rc1 {[%clk 00:01:52]} {[%emt 00:00:59]} Qxg4 {[%clk
00:11:01]} {[%emt 00:02:51]} 36. Qc6 {[%clk 00:01:33]} {[%emt 00:00:49]} Qh4+
{[%clk 00:08:54]} {[%emt 00:02:39]} 37. Kg1 {[%clk 00:01:53]} {[%emt 00:00:09]}
Qd4+ {[%clk 00:08:26]} {[%emt 00:00:58]} 38. Kh1 {[%clk 00:01:41]} {[%emt
00:00:35]} Qe3 {[%clk 00:07:46]} {[%emt 00:01:17]} 39. Kh2 {[%clk 00:01:03]}
{[%emt 00:01:08]} Bf5 {[%clk 00:06:47]} {[%emt 00:01:29]} 40. b5 {[%clk
00:00:55]} {[%emt 00:00:39]} Re6 {[%clk 00:01:22]} {[%emt 00:05:54]} 41. Qa8+
{[%clk 00:24:58]} {[%emt 00:05:56]} Kh7 {[%clk 00:31:40]} {[%emt 00:00:13]} 42.
Qf3 {[%clk 00:25:34]} {[%emt 00:00:24]} Qh6+ {[%clk 00:28:50]} {[%emt
00:03:20]} 43. Bh3 {[%clk 00:22:17]} {[%emt 00:03:47]} Bxh3 {[%clk 00:28:37]}
{[%emt 00:00:44]} 44. Qxh3 {[%clk 00:20:48]} {[%emt 00:01:58]} Re2+ {[%clk
00:29:01]} {[%emt 00:00:06]} 45. Kg3 {[%clk 00:20:46]} {[%emt 00:00:32]} Re3+
{[%clk 00:29:27]} {[%emt 00:00:05]} 46. Kf2 {[%clk 00:21:06]} {[%emt 00:00:09]}
Rxh3 {[%clk 00:29:50]} {[%emt 00:00:07]} 0-1

[Event "DEM U14 2025"]
[Site "Willingen GER"]
[Date "2025.06.13"]
[Round "8"]
[White "Stehning, Toni"]
[Black "Kalinski, Jan"]
[Result "1/2-1/2"]
[Termination "normal"]
[Board "11"]
[WhiteElo "1873"]
[BlackElo "1748"]
[WhiteClock "00:21:37"]
[BlackClock "00:51:46"]
[PlyCount "43"]
[WhiteFideId "34623477"]
[BlackFideId "34660615"]
[EventCountry "GER"]
[EventRounds "9"]
[EventType "swiss"]
[EventDate "2025.06.07"]

1. e4 {[%clk 01:30:30]} {[%emt 00:00:30]} c5 {[%clk 01:30:52]} {[%emt
00:00:09]} 2. Nf3 {[%clk 01:30:54]} {[%emt 00:00:06]} d6 {[%clk 01:31:18]}
{[%emt 00:00:04]} 3. d4 {[%clk 01:31:14]} {[%emt 00:00:10]} cxd4 {[%clk
01:31:41]} {[%emt 00:00:06]} 4. Nxd4 {[%clk 01:31:40]} {[%emt 00:00:05]} Nf6
{[%clk 01:32:05]} {[%emt 00:00:05]} 5. Nc3 {[%clk 01:31:24]} {[%emt 00:00:46]}
a6 {[%clk 01:32:29]} {[%emt 00:00:06]} 6. h3 {[%clk 01:31:25]} {[%emt
00:00:29]} e5 {[%clk 01:32:47]} {[%emt 00:00:12]} 7. Nb3 {[%clk 01:31:28]}
{[%emt 00:00:28]} Be7 {[%clk 01:32:41]} {[%emt 00:00:35]} 8. g4 {[%clk
01:29:55]} {[%emt 00:02:03]} Be6 {[%clk 01:24:43]} {[%emt 00:08:28]} 9. Bg2
{[%clk 01:27:03]} {[%emt 00:03:23]} O-O {[%clk 01:21:11]} {[%emt 00:04:01]} 10.
O-O {[%clk 01:18:16]} {[%emt 00:09:17]} b5 {[%clk 01:18:21]} {[%emt 00:03:20]}
11. f4 {[%clk 01:17:33]} {[%emt 00:01:13]} Nbd7 {[%clk 01:16:53]} {[%emt
00:01:58]} 12. Qf3 {[%clk 01:06:57]} {[%emt 00:11:07]} Rc8 {[%clk 01:14:14]}
{[%emt 00:03:08]} 13. Rf2 {[%clk 00:45:20]} {[%emt 00:22:07]} Nb6 {[%clk
01:08:47]} {[%emt 00:05:57]} 14. f5 {[%clk 00:41:09]} {[%emt 00:04:41]} Bc4
{[%clk 01:05:43]} {[%emt 00:03:34]} 15. g5 {[%clk 00:40:14]} {[%emt 00:01:25]}
Ne8 {[%clk 01:05:29]} {[%emt 00:00:43]} 16. Qg3 {[%clk 00:36:40]} {[%emt
00:04:05]} Kh8 {[%clk 01:02:44]} {[%emt 00:03:15]} 17. Nd2 {[%clk 00:34:23]}
{[%emt 00:02:47]} Bxg5 {[%clk 00:59:43]} {[%emt 00:03:30]} 18. Nxc4 {[%clk
00:23:23]} {[%emt 00:11:31]} Bh4 {[%clk 00:58:35]} {[%emt 00:01:37]} 19. Qxh4
{[%clk 00:23:27]} {[%emt 00:00:27]} Qxh4 {[%clk 00:58:51]} {[%emt 00:00:14]}
20. Nxb6 {[%clk 00:23:51]} {[%emt 00:00:05]} Rd8 {[%clk 00:56:43]} {[%emt
00:02:38]} 21. Ncd5 {[%clk 00:23:24]} {[%emt 00:00:58]} Nf6 {[%clk 00:51:46]}
{[%emt 00:05:26]} 22. Nxf6 {[%clk 00:21:37]} {[%emt 00:02:18]} 1/2-1/2

[Event "DEM U14 2025"]
[Site "Willingen GER"]
[Date "2025.06.13"]
[Round "8"]
[White "Houben, Maximilian"]
[Black "Zimmer, Tim"]
[Result "0-1"]
[Termination "normal"]
[Board "12"]
[WhiteElo "1839"]
[BlackElo "1866"]
[WhiteClock "00:30:12"]
[BlackClock "00:25:31"]
[PlyCount "56"]
[WhiteFideId "34632760"]
[BlackFideId "34603115"]
[EventCountry "GER"]
[EventRounds "9"]
[EventType "swiss"]
[EventDate "2025.06.07"]

1. d4 {[%clk 01:30:57]} {[%emt 00:00:03]} d5 {[%clk 01:30:55]} {[%emt
00:00:06]} 2. Nf3 {[%clk 01:31:24]} {[%emt 00:00:03]} Nf6 {[%clk 01:30:54]}
{[%emt 00:00:31]} 3. g3 {[%clk 01:31:50]} {[%emt 00:00:04]} e6 {[%clk
01:31:02]} {[%emt 00:00:21]} 4. Bg2 {[%clk 01:32:15]} {[%emt 00:00:05]} Be7
{[%clk 01:29:10]} {[%emt 00:02:22]} 5. O-O {[%clk 01:32:38]} {[%emt 00:00:07]}
O-O {[%clk 01:29:10]} {[%emt 00:00:30]} 6. c4 {[%clk 01:33:05]} {[%emt
00:00:04]} c6 {[%clk 01:22:24]} {[%emt 00:07:16]} 7. Nc3 {[%clk 01:32:52]}
{[%emt 00:00:43]} b6 {[%clk 01:21:01]} {[%emt 00:01:53]} 8. b3 {[%clk
01:29:43]} {[%emt 00:03:39]} Ba6 {[%clk 01:14:09]} {[%emt 00:07:22]} 9. Ne5
{[%clk 01:29:31]} {[%emt 00:00:42]} Nfd7 {[%clk 01:13:19]} {[%emt 00:01:20]}
10. Nxd7 {[%clk 01:23:43]} {[%emt 00:06:17]} Nxd7 {[%clk 01:12:28]} {[%emt
00:01:21]} 11. Bf4 {[%clk 01:22:01]} {[%emt 00:02:11]} Rc8 {[%clk 01:10:42]}
{[%emt 00:02:17]} 12. cxd5 {[%clk 01:18:52]} {[%emt 00:03:40]} cxd5 {[%clk
01:09:16]} {[%emt 00:01:55]} 13. Qd2 {[%clk 01:08:06]} {[%emt 00:11:17]} Bb4
{[%clk 01:00:49]} {[%emt 00:08:56]} 14. Rfc1 {[%clk 01:06:50]} {[%emt
00:01:46]} Nf6 {[%clk 00:55:17]} {[%emt 00:06:01]} 15. Bf3 {[%clk 00:58:08]}
{[%emt 00:09:13]} Ne4 {[%clk 00:50:43]} {[%emt 00:05:04]} 16. Bxe4 {[%clk
00:55:46]} {[%emt 00:02:52]} dxe4 {[%clk 00:51:05]} {[%emt 00:00:08]} 17. a3
{[%clk 00:56:09]} {[%emt 00:00:08]} Bxc3 {[%clk 00:50:35]} {[%emt 00:01:00]}
18. Rxc3 {[%clk 00:56:34]} {[%emt 00:00:05]} Rxc3 {[%clk 00:50:56]} {[%emt
00:00:08]} 19. Qxc3 {[%clk 00:56:59]} {[%emt 00:00:05]} Bxe2 {[%clk 00:50:58]}
{[%emt 00:00:28]} 20. Rc1 {[%clk 00:56:03]} {[%emt 00:01:26]} Qd5 {[%clk
00:42:30]} {[%emt 00:08:57]} 21. Be3 {[%clk 00:50:48]} {[%emt 00:05:46]} Bf3
{[%clk 00:40:10]} {[%emt 00:02:50]} 22. Qc4 {[%clk 00:49:36]} {[%emt 00:01:43]}
Qf5 {[%clk 00:39:29]} {[%emt 00:01:09]} 23. Qf1 {[%clk 00:42:17]} {[%emt
00:07:51]} h5 {[%clk 00:35:02]} {[%emt 00:04:55]} 24. b4 {[%clk 00:40:37]}
{[%emt 00:02:11]} h4 {[%clk 00:32:37]} {[%emt 00:02:55]} 25. Rc7 {[%clk
00:40:34]} {[%emt 00:00:33]} e5 {[%clk 00:28:07]} {[%emt 00:05:00]} 26. dxe5
{[%clk 00:29:43]} {[%emt 00:11:21]} Rd8 {[%clk 00:25:30]} {[%emt 00:03:07]} 27.
Rc1 {[%clk 00:30:07]} {[%emt 00:00:06]} hxg3 {[%clk 00:25:29]} {[%emt
00:00:30]} 28. hxg3 {[%clk 00:30:12]} {[%emt 00:00:26]} Qh5 {[%clk 00:25:31]}
{[%emt 00:00:27]} 0-1

[Event "DEM U14 2025"]
[Site "Willingen GER"]
[Date "2025.06.13"]
[Round "8"]
[White "Lücke, Julius"]
[Black "Sasse, Conan"]
[Result "0-1"]
[Termination "normal"]
[Board "13"]
[WhiteElo "1749"]
[BlackElo "1872"]
[WhiteClock "00:30:55"]
[BlackClock "00:22:31"]
[PlyCount "114"]
[WhiteFideId "34674977"]
[BlackFideId "34684336"]
[EventCountry "GER"]
[EventRounds "9"]
[EventType "swiss"]
[EventDate "2025.06.07"]

1. d4 {[%clk 01:30:57]} {[%emt 00:00:03]} Nf6 {[%clk 01:30:50]} {[%emt
00:00:10]} 2. c4 {[%clk 01:31:23]} {[%emt 00:00:05]} e6 {[%clk 01:31:16]}
{[%emt 00:00:04]} 3. Nc3 {[%clk 01:31:49]} {[%emt 00:00:03]} Bb4 {[%clk
01:31:36]} {[%emt 00:00:11]} 4. e3 {[%clk 01:32:14]} {[%emt 00:00:05]} O-O
{[%clk 01:31:52]} {[%emt 00:00:14]} 5. Nge2 {[%clk 01:32:38]} {[%emt 00:00:06]}
d6 {[%clk 01:26:41]} {[%emt 00:05:41]} 6. a3 {[%clk 01:30:12]} {[%emt
00:02:55]} Bxc3+ {[%clk 01:26:57]} {[%emt 00:00:14]} 7. Nxc3 {[%clk 01:30:18]}
{[%emt 00:00:24]} e5 {[%clk 01:25:36]} {[%emt 00:01:51]} 8. Bd3 {[%clk
01:25:03]} {[%emt 00:05:45]} exd4 {[%clk 01:14:32]} {[%emt 00:11:35]} 9. exd4
{[%clk 01:25:10]} {[%emt 00:00:22]} Bg4 {[%clk 01:11:01]} {[%emt 00:04:02]} 10.
Qc2 {[%clk 01:15:41]} {[%emt 00:09:59]} Bh5 {[%clk 01:06:28]} {[%emt 00:05:02]}
11. O-O {[%clk 01:12:45]} {[%emt 00:03:26]} Bg6 {[%clk 01:04:59]} {[%emt
00:01:59]} 12. Bg5 {[%clk 01:03:47]} {[%emt 00:09:28]} Nbd7 {[%clk 00:57:23]}
{[%emt 00:08:06]} 13. Ne4 {[%clk 00:54:04]} {[%emt 00:10:12]} Re8 {[%clk
00:51:14]} {[%emt 00:06:40]} 14. Rfe1 {[%clk 00:51:29]} {[%emt 00:03:05]} Qc8
{[%clk 00:49:56]} {[%emt 00:01:48]} 15. Re2 {[%clk 00:36:52]} {[%emt 00:15:06]}
Nxe4 {[%clk 00:40:07]} {[%emt 00:10:20]} 16. Bxe4 {[%clk 00:37:03]} {[%emt
00:00:19]} Bxe4 {[%clk 00:40:15]} {[%emt 00:00:22]} 17. Rxe4 {[%clk 00:37:28]}
{[%emt 00:00:05]} Nf8 {[%clk 00:39:18]} {[%emt 00:01:27]} 18. Rae1 {[%clk
00:36:01]} {[%emt 00:01:57]} Qf5 {[%clk 00:39:01]} {[%emt 00:00:47]} 19. Bh4
{[%clk 00:20:35]} {[%emt 00:15:55]} Rxe4 {[%clk 00:37:18]} {[%emt 00:02:14]}
20. Qxe4 {[%clk 00:20:54]} {[%emt 00:00:11]} Qxe4 {[%clk 00:37:03]} {[%emt
00:00:45]} 21. Rxe4 {[%clk 00:21:07]} {[%emt 00:00:17]} Ng6 {[%clk 00:36:17]}
{[%emt 00:01:16]} 22. Bg3 {[%clk 00:20:56]} {[%emt 00:00:40]} f5 {[%clk
00:35:33]} {[%emt 00:01:15]} 23. Re6 {[%clk 00:19:42]} {[%emt 00:01:44]} f4
{[%clk 00:34:15]} {[%emt 00:01:49]} 24. Rxg6 {[%clk 00:20:00]} {[%emt
00:00:11]} hxg6 {[%clk 00:34:43]} {[%emt 00:00:02]} 25. Bxf4 {[%clk 00:20:21]}
{[%emt 00:00:09]} Kf7 {[%clk 00:34:46]} {[%emt 00:00:27]} 26. h4 {[%clk
00:17:40]} {[%emt 00:03:11]} Re8 {[%clk 00:33:17]} {[%emt 00:01:59]} 27. Be3
{[%clk 00:18:05]} {[%emt 00:00:06]} Re4 {[%clk 00:32:57]} {[%emt 00:00:50]} 28.
g3 {[%clk 00:18:21]} {[%emt 00:00:13]} c5 {[%clk 00:25:34]} {[%emt 00:07:54]}
29. dxc5 {[%clk 00:18:26]} {[%emt 00:00:24]} Rxc4 {[%clk 00:25:58]} {[%emt
00:00:06]} 30. cxd6 {[%clk 00:18:43]} {[%emt 00:00:13]} b6 {[%clk 00:26:04]}
{[%emt 00:00:24]} 31. Bd2 {[%clk 00:16:26]} {[%emt 00:02:47]} Rd4 {[%clk
00:24:28]} {[%emt 00:02:05]} 32. Bf4 {[%clk 00:16:53]} {[%emt 00:00:03]} Ke6
{[%clk 00:14:11]} {[%emt 00:10:48]} 33. Kg2 {[%clk 00:17:04]} {[%emt 00:00:19]}
Rd5 {[%clk 00:13:26]} {[%emt 00:01:15]} 34. Kf3 {[%clk 00:16:29]} {[%emt
00:01:05]} Kf5 {[%clk 00:10:43]} {[%emt 00:03:13]} 35. Ke3 {[%clk 00:14:23]}
{[%emt 00:02:36]} Ke6 {[%clk 00:10:45]} {[%emt 00:00:29]} 36. Kf3 {[%clk
00:13:57]} {[%emt 00:00:55]} Rb5 {[%clk 00:10:17]} {[%emt 00:00:58]} 37. Kg4
{[%clk 00:14:14]} {[%emt 00:00:13]} Kf6 {[%clk 00:08:55]} {[%emt 00:01:52]} 38.
Bg5+ {[%clk 00:14:26]} {[%emt 00:00:17]} Ke6 {[%clk 00:09:24]} {[%emt
00:00:01]} 39. Bf4 {[%clk 00:14:38]} {[%emt 00:00:18]} a5 {[%clk 00:07:48]}
{[%emt 00:02:06]} 40. a4 {[%clk 00:08:57]} {[%emt 00:06:12]} Rd5 {[%clk
00:06:30]} {[%emt 00:01:49]} 41. Kf3 {[%clk 00:07:58]} {[%emt 00:01:29]} Rd4
{[%clk 00:04:11]} {[%emt 00:02:48]} 42. Kg4 {[%clk 00:08:23]} {[%emt 00:00:05]}
Kf6 {[%clk 00:01:59]} {[%emt 00:02:42]} 43. Kf3 {[%clk 00:07:32]} {[%emt
00:01:20]} Ke6 {[%clk 00:00:36]} {[%emt 00:01:53]} 44. Kg4 {[%clk 00:07:53]}
{[%emt 00:00:10]} Rd5 {[%clk 00:29:00]} {[%emt 00:02:06]} 45. Kf3 {[%clk
00:37:34]} {[%emt 00:00:45]} b5 {[%clk 00:28:37]} {[%emt 00:00:58]} 46. axb5
{[%clk 00:36:57]} {[%emt 00:01:06]} Rxb5 {[%clk 00:28:12]} {[%emt 00:00:55]}
47. Bd2 {[%clk 00:37:22]} {[%emt 00:00:04]} a4 {[%clk 00:24:22]} {[%emt
00:04:22]} 48. Bc3 {[%clk 00:37:21]} {[%emt 00:00:30]} a3 {[%clk 00:24:26]}
{[%emt 00:00:26]} 49. b4 {[%clk 00:36:00]} {[%emt 00:01:50]} a2 {[%clk
00:22:21]} {[%emt 00:02:36]} 50. d7 {[%clk 00:30:53]} {[%emt 00:05:37]} Kxd7
{[%clk 00:22:25]} {[%emt 00:00:26]} 51. Kg4 {[%clk 00:31:18]} {[%emt 00:00:05]}
Ke6 {[%clk 00:22:32]} {[%emt 00:00:23]} 52. Bxg7 {[%clk 00:31:21]} {[%emt
00:00:27]} Rxb4+ {[%clk 00:22:34]} {[%emt 00:00:28]} 53. Kg5 {[%clk 00:31:29]}
{[%emt 00:00:22]} Kf7 {[%clk 00:22:57]} {[%emt 00:00:07]} 54. Kh6 {[%clk
00:31:21]} {[%emt 00:00:39]} Rb1 {[%clk 00:22:26]} {[%emt 00:01:00]} 55. h5
{[%clk 00:31:07]} {[%emt 00:00:43]} gxh5 {[%clk 00:22:44]} {[%emt 00:00:12]}
56. f4 {[%clk 00:31:00]} {[%emt 00:00:37]} Rb6+ {[%clk 00:22:24]} {[%emt
00:00:51]} 57. Kh7 {[%clk 00:30:55]} {[%emt 00:00:35]} Rg6 {[%clk 00:22:31]}
{[%emt 00:00:23]} 0-1